000
00244nam a22000977a 4500
008
250823b |||||||| |||| 00| 0 eng d
020
_a
9781569319383
100
_a
Toriyama Akira
_9
7847
245
_a
Dragon Ball-9
260
_a
USA
_b
Shonen Jump
_c
2021
999
_c
12814
_d
12814